000 01958nam0a2200397 4500
001 RU\NLR\bibl\1291832
005 20260405113129.0
021 _aRU
_b2008-70749
_94048
035 _a(nilc)EL/0000222349
035 _aVIL\RUSMED\0000140999
035 _a(NLR Aleph) 001277506
090 _a477995
_c477995
100 _a20080929d2007 |||y0rusy50 ca
101 0 _arus
102 _aRU
105 _ay |||||||||
200 1 _aГипертоническая болезнь
_eдиагностика и лечение
_fЕ. В. Шляхто, Е. И Баранова, О. О. Большакова
_gГос. образоват. учреждение высш. проф. образования "С.-Петерб. гос. мед. ун-т им. И. П. Павлова Федер. агентства по здравоохранению и соц. развитию", каф. фак. терапии с курсом эндокринологии, Ин-т сердечно-сосудистых заболеваний СПбГМУ
210 _aСанкт-Петербург
_cИзд-во СПбГМУ
_d2007
215 _a40 с.
_d21
225 1 _aПроект "Здоровье"
320 _aБиблиогр.: с. 39 (3 назв.)
606 1 _aГипертоническая болезнь
_9904663
_3RU\NLR\auth\669518
675 _a616.12-008.331.1(072)
_vudc
686 _a76.29.30
_2rugasnti
686 _a76.01.33
_2rugasnti
686 _aC14.907.489
_2MeSH
686 _aР410.030
700 1 _aШляхто
_bЕ. В.
_gЕвгений Владимирович
_4070
701 1 _4070
_8rus
_7ca
_aБаранова
_bЕ. И.
_cд-р мед. наук
_gЕлена Ивановна
_3RU\NLR\auth\7743855
_926798
701 1 _aБольшакова
_bО. О.
_gОльга Олеговна
_4070
801 0 _aRU
_bЦНМБ
_c20080929
_gPSBO
801 1 _aRU
_bЦНМБ
_c20080929
801 2 _aRU
_bNLR
_c20081106
_grcr
942 _cBOOK
980 _aNB